Le nozze di Cadmo e Armonia /

Uloženo v:
Podrobná bibliografie
Hlavní autor: Calasso, Roberto (Autor)
Médium: Kniha
Jazyk:italština
Vydáno: Milano : Adelphi, 1995
Vydání:6. ed
Edice:Gli Adelphi ; 26
Tagy: Přidat tag
Žádné tagy, Buďte první, kdo vytvoří štítek k tomuto záznamu!

MARC

LEADER 00000nam a22000007i 4500
001 IT\ICCU\ANA\0082531
003 ItRI
005 20260115231914.0
008 020130s1995 it |||||| ||||| |||||c
020 |a 8845908143 
040 |b ita  |c importazione bologna sebina 
041 7 |a ita  |2 ISO-639-2 
100 1 |a Calasso, Roberto  |0 IT\ICCU\CFIV\047947  |4 aut 
240 1 3 |a Le nozze di Cadmo e Armonia  |3 IT\ICCU\PUV\1194309  |9 Calasso, Roberto 
245 1 3 |a Le nozze di Cadmo e Armonia /  |c Roberto Calasso. 
250 |a 6. ed 
260 |a Milano :  |b Adelphi,  |c 1995 
300 |a 465 p. ;  |c 20 cm. 
830 4 |a Gli Adelphi ;  |v 26  |0 IT\ICCU\RMS\2621144 
942 |2 ddc  |c BK  |n 0 
952 |0 0  |1 0  |4 0  |6 DOC_292_130000000000000_CAL  |7 0  |9 16037  |a BO  |b BO  |d 2026-01-15  |i 4193  |l 0  |o DOC 292.13 CAL  |p BO4193  |r 2026-01-15 23:19:14  |w 2026-01-15  |x [Sebina 5] [1 v.]  |y BK  |z 1 v. 
999 |c 13787  |d 13787